Central Library OPAC University of Rajshahi

Determinants of health condition and estimation of demographic parameters of street Children in Dhaka city, Bangladesh / (Record no. 82229)

MARC details
000 -LEADER
fixed length control field 01225nam a22002777a 4500
001 - CONTROL NUMBER
RUCL Control Number 82229
003 - CONTROL NUMBER IDENTIFIER
rucl marc code BD-RjUL
005 - DATE AND TIME OF LATEST TRANSACTION
control field 20231212102640.0
008 - FIXED-LENGTH DATA ELEMENTS--GENERAL INFORMATION
fixed length control field 231101s2021 bg a|||| m||| 00| 0 eng d
035 ## - SYSTEM CONTROL NUMBER
system control number (BD-RjUL)82229
040 ## - CATALOGING SOURCE
Original cataloging agency BD-RjUL
Language of cataloging eng
Transcribing agency BD-RjUL
Modifying agency BD-RjUL
041 ## - LANGUAGE CODE
Language code of Book eng
082 ## - DEWEY DECIMAL CLASSIFICATION NUMBER
DDC Edition number 23
Classification number 649.40954922
Author mark and Year SHD 2021
100 ## - MAIN ENTRY--PERSONAL NAME
Personal name Shahiduzzaman, Md.
9 (RLIN) 6716
245 10 - TITLE STATEMENT
Title Determinants of health condition and estimation of demographic parameters of street Children in Dhaka city, Bangladesh /
Statement of responsibility, etc Submitted by Md. Shahiduzzaman ;
Name of Supervisor/Co-Supervisor Supervisor : Md. Rafiqul Ialam, & M. Korban Ali, & Md. Nurul Islam.
260 ## - PUBLICATION, DISTRIBUTION, ETC. (IMPRINT)
Place of publication, distribution, etc Rajshahi :
Name of publisher, distributor, etc Department of Population Science and Human Resource Development, University of Rajshahi,
Date of publication, distribution, etc 2021.
300 ## - PHYSICAL DESCRIPTION
Pagination xv, 176 leaves :
Other physical details ill, ;
Dimensions 29.cm.
502 ## - DISSERTATION NOTE
Dissertation note Thesis (Ph. D.) -- Department of Population Science and Human Resource Development, University of Rajshahi, 2021
504 ## - BIBLIOGRAPHY, ETC. NOTE
Bibliography, etc Bibliography : Leaves 170 - 176
650 ## - SUBJECT ADDED ENTRY--TOPICAL TERM
Topical term or geographic name as entry element Child health care
General subdivision Dhaka
9 (RLIN) 9857
Topical term or geographic name as entry element Child rearimg
Geographic subdivision Bangladesh
9 (RLIN) 9858
700 ## - ADDED ENTRY--SUPERVISOR/CO-SUPERVISOR NAME
Personal name Ialam, Md. Rafiqul, Supervisor
9 (RLIN) 9859
Personal name Ali, M. Korban,Co-Supervisor
9 (RLIN) 9860
Personal name Islam, Md. Nurul, Co-Supervisor
9 (RLIN) 5809
942 ## - ADDED ENTRY ELEMENTS (KOHA)
Source of classification or shelving scheme Dewey Decimal Classification
Koha item type Theses
Holdings
Source of classification or shelving scheme Damaged status Not for loan Collection code Permanent Location Current Location Shelving location Date of accession Source of acquisition Total Checkouts Full call number Barcode Date last seen Copy number Thesis
Dewey Decimal Classification   Not For Loan Theses Central Library, University of Rajshahi Central Library, University of Rajshahi Documentation Section 01/03/2023 Controller of Exam. R.U.   THE 649.40954922 SHD 2021 D4719 01/11/2023 C-1 Theses